Exportná výkonnosť Slovenskej republiky bakalárska práca

Salvato in:
Dettagli Bibliografici
Autore principale: Kachmanová, Anna
Ente Autore: Podnikovohospodárska fakulta EU so sídlom v Košiciach. Katedra obchodného podnikania
Altri autori: Petrovčiková, Katarína, 1977-
Natura: Libro
Lingua:slovacco
Pubblicazione: Košice 2025
Tags: Aggiungi Tag
Nessun Tag, puoi essere il primo ad aggiungerne!!

MARC

LEADER 00000nbm a2200000 4500
001 0310928
005 20260203130033.6
041 0 |a slo 
044 |a SK 
245 1 0 |a Exportná výkonnosť Slovenskej republiky  |b bakalárska práca  |c Anna Kachmanová ; školiteľ: Katarína Petrovčiková 
264 1 |a Košice  |c 2025 
300 |a 44 s. 
100 1 |a Kachmanová, Anna 
700 1 |a Petrovčiková, Katarína, 1977- 
710 2 |a Podnikovohospodárska fakulta EU so sídlom v Košiciach. Katedra obchodného podnikania